=LDR 00000nam 2200000 4500 =001 INLIS000000000030023 =005 20130612132216 =008 ***********************************ind** =035 ##$$0010-061300000030023 =041 ##$$a ind =082 ##$$a 615.882 =090 ##$$a 615.882, SUT k =100 ##$$a Sutoyo, Agus =245 ##$$a Kiat sukses Prof. Hembing, Agus Sutoyo =260 ##$$a 2000 $b Jakarta =300 ##$$a x, 222 hlm., 24 cm =650 ##$$a Obat Tradisional =850 ##$$a NBPNMAT